00668nam a2200241 a 4500001001300000003000900013005001700022008004100039020000800080082001700088100002300105245002900128260003000157300000900187500003500196505001300231650001600244700002300260902000800283942000700291952011300298999001500411nice12345678IN_TiNIC20260116011649.0050524s1969 dela grp 000 0 urd  ac600a891.41bSID2 aSiddiqi, Abul Lais aMushafi Aur Un Ka Kalaam aDelhibBharati Pub.c1969 a240p aincludes index and biblioraphy2 aAppendix aUrdu-Poetry1 aSiddiqi, Abul Lais bSRS cBK 001040708StackRoom-aHMIbHMId2007-06-21g6.00l0o891.41 SID2p05640r2007-06-21v6.00w2005-05-24yBK c3243d3243